[Event "AICF Women GM 2018"]
[Site "Mumbai"]
[Date "2018.06.19"]
[Round "11"]
[White "Vantika Agrawal"]
[Black "Zozulia, Anna"]
[Result "1-0"]
[WhiteElo "2279"]
[BlackElo "2314"]
[Annotator "ChessBase"]
[PlyCount "139"]
[EventDate "2018.??.??"]
[EventType "tourn"]
[EventCountry "IND"]
[SourceTitle "playchess.com"]
[Source "ChessBase"]
[SourceQuality "1"]
[TimeControl "40/5400+30:1800+30"]

1. Nf3 {[%emt 0:00:00]} Nf6 {[%emt 0:00:39]} 2. g3 {[%emt 0:00:00]} g6 {[%emt 0:00:20]} 3. Bg2 {[%emt 0:00:00]} Bg7 {[%emt 0:00:13]} 4. O-O {[%emt 0:00:00]} O-O {[%emt 0:00:35]} 5. d4 {[%emt 0:00:09]} d6 {[%emt 0:00:16]} 6. c4 {[%emt 0:00:07]} c6 {[%emt 0:00:18]} 7. Nc3 {[%emt 0:00:10]} Qa5 {[%emt 0:00:55]} 8. e4 {[%emt 0:04:13]} e5 {[%emt 0:01:35]} 9. h3 {[%emt 0:03:02]} Nbd7 {[%emt 0:02:08]} 10. Re1 {[%emt 0:00:34]} exd4 {[%emt 0:00:35]} 11. Nxd4 {[%emt 0:00:11]} Re8 {[%emt 0:00:02]} 12. Be3 {[%emt 0:01:54]} a6 {[%emt 0:03:27]} 13. Nb3 {[%emt 0:35:08]} Qc7 {[%emt 0:04:44]} 14. c5 {[%emt 0:03:07]} dxc5 {[%emt 0:14:01]} 15. Nxc5 {[%emt 0:02:06]} Ne5 {[%emt 0:14:07]} 16. Qe2 {[%emt 0:08:57]} b6 {[%emt 0:02:02]} 17. Nd3 {[%emt 0:13:24]} Nxd3 {[%emt 0:03:02]} 18. Qxd3 {[%emt 0:00:51]} Bb7 {[%emt 0:08:30]} 19. b4 {[%emt 0:11:03]} Rad8 {[%emt 0:02:25]} 20. Qc2 {[%emt 0:02:02]} c5 {[%emt 0:06:31]} 21. bxc5 {[%emt 0:00:38]} Nd7 {[%emt 0:05:13]} 22. Rab1 {[%emt 0:03:12]} Nxc5 {[%emt 0:07:39]} 23. Nd5 {[%emt 0:01:39]} Bxd5 {[%emt 0:01:46]} 24. exd5 {[%emt 0:02:17]} Be5 {[%emt 0:00:11]} 25. h4 {[%emt 0:04:29]} Qd6 {[%emt 0:01:52]} 26. Qd2 {[%emt 0:03:12]} h5 {[%emt 0:03:33]} 27. Rec1 {[%emt 0:00:30]} Rc8 {[%emt 0:02:06]} 28. Rc2 {[%emt 0:00:20]} Rc7 {[%emt 0:01:32]} 29. Rbc1 {[%emt 0:00:14]} Rec8 {[%emt 0:02:24]} 30. Qb4 {[%emt 0:00:55]} Kg7 {[%emt 0:02:28]} 31. Rc4 {[%emt 0:00:31]} Kh7 {[%emt 0:04:24]} 32. Qb1 {[%emt 0:00:30]} Kg7 {[%emt 0:04:17]} 33. a4 {[%emt 0:00:18]} a5 {[%emt 0:00:21]} 34. Qb5 {[%emt 0:00:39]} Kh7 {[%emt 0:00:52]} 35. Rb1 {[%emt 0:00:22]} Rb8 {[%emt 0:00:19]} 36. Kh2 {[%emt 0:00:34]} Kg7 {[%emt 0:00:23]} 37. Bf3 {[%emt 0:00:28]} Kh7 {[%emt 0:00:29]} 38. Kg2 {[%emt 0:00:20]} Kg7 {[%emt 0:00:04]} 39. Rbc1 {[%emt 0:00:31]} Rbc8 {[%emt 0:00:23]} 40. Rb1 {[%emt 0:00:21]} Rb8 {[%emt 0:30:22]} 41. Bd2 {[%emt 0:11:58]} Ra7 {[%emt 0:00:00]} 42. Qc6 {[%emt 0:04:38]} Kh7 {[%emt 0:00:00]} 43. Bc3 {[%emt 0:05:23]} Qxc6 {[%emt 0:00:00]} 44. dxc6 {[%emt 0:00:19]} Bxc3 {[%emt 0:00:00]} 45. Rxc3 {[%emt 0:05:29]} Na6 {[%emt 0:00:00]} 46. Rd1 {[%emt 0:03:03]} Nc5 {[%emt 0:00:00]} 47. Rb1 {[%emt 0:00:25]} Na6 {[%emt 0:00:00]} 48. Be2 {[%emt 0:00:47]} Nb4 {[%emt 0:00:00]} 49. Rd1 {[%emt 0:00:19]} Kg7 {[%emt 0:00:00]} 50. Bb5 {[%emt 0:00:57]} Kf6 {[%emt 0:04:47]} 51. Rd7 {[%emt 0:00:18]} Raa8 {[%emt 0:03:23]} 52. Rf3+ {[%emt 0:00:31]} Ke5 {[%emt 0:00:03]} 53. Rfxf7 {[%emt 0:00:57]} Rc8 {[%emt 0:00:10]} 54. f4+ {[%emt 0:01:53]} Ke4 {[%emt 0:00:03]} 55. Be2 {[%emt 0:00:57]} Re8 {[%emt 0:01:04]} 56. Bf3+ {[%emt 0:00:16]} Ke3 {[%emt 0:00:04]} 57. Rfe7+ {[%emt 0:00:27]} Rxe7 {[%emt 0:00:05]} 58. Rxe7+ {[%emt 0:00:02]} Kd4 {[%emt 0:00:05]} 59. c7 {[%emt 0:00:10]} Rc8 {[%emt 0:00:45]} 60. Bb7 {[%emt 0:00:06]} Nd5 {[%emt 0:00:04]} 61. Bxc8 {[%emt 0:01:26]} Nxe7 {[%emt 0:00:05]} 62. Bd7 {[%emt 0:00:04]} Kc5 {[%emt 0:03:16]} 63. c8=Q+ {[%emt 0:00:14]} Nxc8 {[%emt 0:00:05]} 64. Bxc8 {[%emt 0:00:05]} b5 {[%emt 0:00:02]} 65. axb5 {[%emt 0:00:04]} a4 {[%emt 0:00:03]} 66. Be6 {[%emt 0:00:15]} Kxb5 {[%emt 0:00:15]} 67. Kf3 {[%emt 0:00:08]} Kc5 {[%emt 0:00:06]} 68. Ke4 {[%emt 0:00:25]} Kd6 {[%emt 0:00:04]} 69. Ba2 {[%emt 0:00:07]} Ke7 {[%emt 0:00:08]} 70. Ke5 {[%emt 0:00:04]} 1-0

[Event "AICF Women GM 2018"]
[Site "Mumbai"]
[Date "2018.06.19"]
[Round "11"]
[White "Srija, Seshadri"]
[Black "Nakhbayeva, Guliskhan"]
[Result "1-0"]
[WhiteElo "2207"]
[BlackElo "2323"]
[Annotator "TA"]
[PlyCount "97"]
[EventDate "2018.??.??"]
[EventType "tourn"]
[EventCountry "IND"]
[SourceTitle "playchess.com"]
[Source "ChessBase"]
[SourceQuality "1"]

{[%evp 14,97,33,41,40,45,104,25,25,32,40,25,27,33,35,29,38,-10,7,6,88,81,236,237,230,252,259,256,238,246,293,242,241,241,227,241,240,234,232,237,223,174,276,214,285,225,225,228,215,199,347,340,335,331,322,327,432,128,131,156,363,131,436,303,375,374,1189,1159,1352,1336,29977,29978,29936,6375,29986,29985,29985,29986,29986,29987,29987,29988,29989,29990,29990,29987]} 1. e4 e5 2. Nf3 Nc6 3. Bb5 g6 4. c3 Bg7 5. d4 exd4 6. cxd4 {C60: Ruy Lopez: Unusual Black 3rd moves and 3...g6} a6 7. Ba4 b5 8. Bc2 {LiveBook: 24 Games. White is slightly better.} d5 9. exd5 Qe7+ (9... Nb4 $14) 10. Be3 ({White should play} 10. Kf1 $16 Na5 11. Ne5) 10... Nb4 $11 11. Bb3 Nf6 12. Nc3 {[%cal Bb1c3,Bc3e4,Be4c5][%mdl 32]} Bb7 {[%cal Rf6d5]} 13. O-O $36 {[%mdl 2048] And now Bg5 would win. White has some pressure.} O-O {[%cal Rb4d5]} 14. Bg5 {a3 is the strong threat.} Qd6 {[%cal Rb4d5]} 15. Nd2 (15. Bxf6 $5 Bxf6 16. Ne5 $1 $14 {[%mdl 512]}) 15... Nbxd5 16. Nce4 Qb4 (16... Nxe4 $11 17. Nxe4 Qb6) 17. Nc5 $16 Qxd4 $2 (17... Bc8 $16 {was called for.}) 18. Nxb7 $18 Qb6 19. Qf3 h6 20. Bxf6 ({But not} 20. Bxd5 $6 hxg5 21. Nb3 Nxd5 $16) 20... Nxf6 21. Rac1 Rae8 22. Nc5 Re5 23. Nde4 Nxe4 24. Nxe4 c5 25. Rcd1 c4 26. Bc2 $1 Re6 27. b4 {Hoping for Nc5.} Bd4 (27... Qc6 {keeps fighting.} 28. Qf4 Rfe8) 28. Qf4 f5 29. Ng3 Bg7 30. h4 h5 31. Rd7 Rd8 {[#]} (31... Qb8 {might work better.} 32. Qd2 Qe5) 32. Rfd1 $1 Rxd7 33. Rxd7 Re1+ 34. Kh2 Qf6 35. Rd6 $2 (35. Bxf5 $18 gxf5 36. Nxf5) 35... Re6 $16 36. Rd5 {[%cal Rc2f5] aiming for Bxf5!} Qe7 $2 {[#]} (36... Re5 $16 37. Rd7 Re7 38. Rd8+ Bf8) 37. Qb8+ $2 (37. Bxf5 $1 $18 {is the precise move to win.} Re5 (37... gxf5 38. Nxf5) 38. Be4) 37... Kf7 $2 {[%mdl 8192]} (37... Bf8 $16 {is a better chance.} 38. Qf4 Re1 39. Nxh5 gxh5) 38. Kh3 {Black must now prevent Bxf5!} Re5 39. Rd8 f4 $2 {[#]} (39... Bf6 40. Rg8 Bg7) 40. Ne4 $1 $18 Qe6+ (40... Rxe4 41. Bxe4) 41. Kh2 Qe7 42. Ng5+ Rxg5 43. hxg5 {White threatens Qb6 and mate.} Be5 44. Qc8 {White mates.} f3+ 45. g3 Bxg3+ 46. Kxg3 Qxg5+ 47. Kxf3 Qf6+ 48. Kg2 Qg5+ 49. Kh3 {Precision: White = 57%, Black = 31%.} 1-0

[Event "AICF Women GM 2018"]
[Site "Mumbai"]
[Date "2018.06.19"]
[Round "11"]
[White "Divya Deshmukh"]
[Black "Tokhirjonova, Gulrukhbegim"]
[Result "1-0"]
[WhiteElo "2138"]
[BlackElo "2379"]
[Annotator "TA"]
[PlyCount "209"]
[EventDate "2018.??.??"]
[EventType "tourn"]
[EventCountry "IND"]
[SourceTitle "playchess.com"]
[Source "ChessBase"]
[SourceQuality "1"]

{[%evp 13,209,-5,0,-14,-21,-37,-38,-36,-18,-43,-41,-48,-38,-47,-47,-48,-42,-47,-27,-46,-41,-43,-37,-42,-51,-45,-46,-133,-141,-122,-45,-185,-73,-105,-72,-133,-126,-133,-54,-64,0,0,0,0,9,16,36,39,66,43,120,120,127,124,114,102,184,210,210,0,146,133,139,143,115,0,0,0,0,0,0,0,34,35,136,16,12,21,85,85,85,85,343,337,326,337,342,318,292,295,276,309,338,329,338,281,281,281,281,274,265,256,258,241,398,389,398,214,391,344,321,320,400,325,604,585,527,511,497,460,922,1053,1050,1015,980,962,1908,1933,1794,1692,1574,1508,1432,1370,1177,1164,1862,1610,1407,1275,929,779,829,4619,4661,4627,4627,4627,4627,4075,8476,7710,5675,5808,4134,5106,2969,1846,29969,29971,29969,29970,6637,5206,2563,1503,29974,29974,29979,29980,29978,29980,29982,29983,29983,29984,29984,29985,29985,29986,29986,29987,29986,29987,29990,29991,29992,29993,29993,29990,29990,29989,29989,29990,29990,29990,29991,29990]} 1. d4 Nf6 2. Bg5 d5 3. e3 c5 4. Nc3 Nc6 5. Bxf6 gxf6 6. Qh5 cxd4 {D01: Veresov Opening} 7. exd4 e6 {LiveBook: 42 Games} (7... Nxd4 $6 8. O-O-O $16) 8. Nge2 (8. O-O-O Bb4 9. Nge2 Bd7 10. h4 Qe7 11. a3 Ba5 12. Rh3 O-O-O 13. Re3 {½-½ (39) Rapport,R (2707)-Vachier Lagrave,M (2789) Riadh 2017}) 8... Bd7 {The position is equal.} 9. g3 f5 10. Bg2 Qf6 11. O-O-O O-O-O 12. Kb1 Kb8 13. Qf3 $146 ({Predecessor:} 13. Nf4 Bd6 14. Nce2 Bxf4 15. gxf4 {½-½ (30) Loureiro,L-Segal,A Nova Friburgo 1980}) 13... Rg8 14. Nf4 Na5 (14... Nxd4 $6 15. Nfxd5 $1 {[%mdl 512]} exd5 16. Qf4+ Bd6 17. Nxd5 $16) 15. Nh5 Qe7 16. Qf4+ Ka8 17. Qc7 Nc6 $1 18. Rhe1 Rc8 19. Qf4 {Strongly threatening Nxd5!} Qd8 20. Ne2 ({Better is} 20. Qf3 $15) 20... Na5 $1 $17 21. Nc1 Nc4 ({Black should try} 21... Rg4 $17 22. Qe3 Nc4) 22. Nb3 {[#]} (22. Bf1 $1 $15) 22... a5 (22... Ba3 $1 $19 {[%mdl 512] and Black stays clearly on top.} 23. bxa3 Nxa3+ 24. Ka1 Nxc2+ 25. Kb2 Nxe1 26. Rxe1 Ba4) 23. Bf1 a4 {[#]} 24. Bxc4 ({White should play} 24. Nc5 $1 {[%mdl 512]} Rg4 (24... Bxc5 25. dxc5) 25. Qc1 Bxc5 26. dxc5) 24... Rxc4 25. Nd2 {[%cal Bb3d2,Bd2f3,Bf3e5,Be5c4][%mdl 32]} Rc6 (25... Rg4 $6 26. Qe3 $11) (25... Rc8 $1 $17 26. Nf3 a3) 26. Nf3 $1 $15 {[%cal Rf3e5] Threatening Ne5.} Rb6 (26... a3 $15 27. Ne5 Rc8 28. Nxd7 Qxd7) 27. Qe3 $11 Bb4 28. c3 Be7 29. Ne5 Be8 30. Nf4 Rb5 31. Re2 Qb6 (31... Bg5 $14) 32. c4 $16 dxc4 33. Nxc4 Qa6 34. d5 {[%cal Rd5e6]} Bc5 (34... Rb4 $16) 35. Qc3 $18 {[%cal Rd5e6]} Bb4 36. Qe3 $2 (36. Qf6 $18 Rc5 37. b3) 36... Rc5 (36... Bc5 $1 $11 37. Qe5 Ba7) 37. dxe6 $16 Qxc4 {[#]} 38. Rd4 $1 {[%cal Rd4c4]} Qb5 {[#] White must now prevent ...Ba5.} 39. Rxb4 ({White has to play} 39. Rd8+ $1 $16 Ka7 40. e7) 39... Qxb4 $11 40. Nd3 Qb5 $1 41. Nxc5 {Threatens to win with Rc2.} f4 $1 {[%cal Rf4e3]} 42. Qd4 $36 {[%mdl 2048] Nd3 is the strong threat. White has the initiative.} fxe6 (42... Qxe2 $5 43. Qd8+ $8 Ka7 44. Qa5+ Kb8 45. Qd8+ Ka7 46. Qa5+ Kb8 47. Qd8+ Ka7 $11) 43. Re1 (43. Qd8+ Ka7 $17) 43... e5 (43... Qa5 $14 44. Re5 (44. Rxe6 Bg6+ 45. Kc1 Rc8 $14) 44... Bg6+ 45. Ka1 Rc8) 44. Qd6 (44. Qxe5 $2 Bg6+ 45. Ka1 Rc8 $19) (44. Rxe5 $16 {aiming for Nd3.} Bg6+ 45. Kc1) 44... Bg6+ 45. Ka1 Rc8 (45... fxg3 $11 {remains equal.} 46. hxg3 (46. fxg3 a3 $11) 46... a3) 46. Nd7 $16 {Hoping for Nb6+.} Ka7 47. Nxe5 Qe2 $2 {[%mdl 8192]} (47... Qc5 $16 {is a better defense.} 48. Qd1 Qc2) 48. Qd4+ $18 (48. Rxe2 $2 Rc1#) 48... Ka8 49. Qxa4+ (49. Rxe2 $2 {gets mated.} Rc1#) 49... Qa6 50. Qxa6+ bxa6 51. Nxg6 ({Resist} 51. gxf4 $6 Rf8 $18) 51... hxg6 52. gxf4 {[%mdl 4096] Endgame KR-KR} Rc2 53. Rf1 Rc4 54. a3 Rxf4 55. Rg1 Rf6 56. h4 Kb7 57. Ka2 Kc6 58. Rg5 Kd7 $2 (58... Kb7 59. f3 Kc8) 59. a4 Kc7 60. Ka3 (60. a5 $142) 60... Kc6 $2 (60... Rf3+ 61. b3 Rf6) 61. b3 Kb6 62. Kb4 a5+ 63. Kc4 Rc6+ $2 (63... Rf4+ 64. Kc3 Rxh4 65. Rxg6+ Kc7) 64. Kd4 Rd6+ 65. Rd5 Rf6 66. Rb5+ Ka6 (66... Kc6 $142 67. Ke3 Re6+ 68. Kf4 Re1) 67. Ke3 Rf8 68. f4 Rh8 69. Rg5 Rxh4 70. Rxg6+ Kb7 71. Rg5 Kc6 72. Rb5 Rh3+ 73. Ke4 Kd6 74. Kf5 Ke7 75. Rb7+ Kf8 76. Kf6 {[%cal Rb7b8]} Rh6+ 77. Ke5 Rh5+ 78. f5 {[%cal Bf4f5,Bf5f6,Bf6f7][%mdl 32]} Rh3 79. f6 Re3+ 80. Kd4 Rf3 {[#]} 81. f7 $1 Rf5 (81... Rxf7 82. Rxf7+) 82. Kc4 Kg7 83. Rb5 Rf4+ 84. Kc5 Kxf7 85. Rxa5 Ke7 86. Rb5 Kd7 87. Kb6 Kc8 88. Ka5 Kc7 89. Rh5 Rf7 90. b4 {[%cal Bb3b4,Bb4b5,Bb5b6][%mdl 32] White mates.} Kb7 91. b5 Rg7 92. b6 Rg4 93. Rh7+ Kb8 94. Kb5 Rg5+ 95. Ka6 Rg8 96. a5 {[%cal Ba4a5,Ba5a6][%mdl 32]} Rf8 97. Rh6 Rg8 98. Kb5 Rf8 99. a6 Rf5+ 100. Kc6 Rf8 101. Kd7 Rf7+ 102. Ke6 Rf8 103. Ke7 Rg8 104. Rf6 Rg7+ 105. Rf7 {Precision: White = 73%, Black = 33%.} 1-0